00696cam a22001571 4500082001300000100003200013245017700045260005500222300003500277526003700312650005300349650001300402942001200415999001900427952009200446 a810bSAH1 aPickering, Ernest D.94593512aA brief survey of English literature from its beginnings to the present day,bwith chapters on the Irish literary movement and American literature,cby Ernest Pickering ... aLondon [etc.]bG. G. Harrap & company ltd.c[1964] a254 p.bfront. (port.)c19 cm. a0b0c0d810_000000000000000_SAH 0aEnglish literaturexHistory and criticism.95044 0aMCE9379 2ddccBK c549327d549327 00102ddc4070aMCEbMCEd2014-09-23l0o810 SAHpMCE-5340r2014-09-23w2014-09-23yBK